| 000 | 00469nam a2200169 i 4500 | ||
|---|---|---|---|
| 001 | 75513 | ||
| 003 | ES-MaACL | ||
| 005 | 20230906172504.0 | ||
| 007 | t| | ||
| 008 | 040924s1933 fr ||||1| fre d | ||
| 100 | 1 |
_aGrenard, Fernand. _959937 |
|
| 245 | 1 | 3 |
_aLa revolution russe / _cFernand Grenard. |
| 260 |
_aParis : _bArmand Colin, _c1933. |
||
| 300 |
_a392 p. ; _c23 cm. |
||
| 651 | 4 |
_aRusia- _xHistoria- _y1905-1907, Revolución. _99335 |
|
| 852 |
_aES-MaACL _jA-2361 |
||
| 999 |
_c75513 _d75513 |
||